Halal analysis of raw materials, ingredients and finished bakery products using PCR and gene chip southern-hybridization for detection of porcine DNA / by (Record no. 630)

MARC details
000 -LEADER
fixed length control field 01220nmb a2200301uu 4500
001 - CONTROL NUMBER
control field 03244
003 - CONTROL NUMBER IDENTIFIER
control field HDC
007 - PHYSICAL DESCRIPTION FIXED FIELD--GENERAL INFORMATION
fixed length control field cr ca aaaau
008 - FIXED-LENGTH DATA ELEMENTS--GENERAL INFORMATION
fixed length control field 210105p2015 my ||||| |||| 00| 0 eng d
040 ## - CATALOGING SOURCE
Original cataloging agency HDC
100 ## - MAIN ENTRY--PERSONAL NAME
Personal name Norrakiah, A.S.
Relator term author
9 (RLIN) 2061
245 #0 - TITLE STATEMENT
Title Halal analysis of raw materials, ingredients and finished bakery products using PCR and gene chip southern-hybridization for detection of porcine DNA / by
Statement of responsibility, etc. A.S. Norrakiah, M.G. Shahrul Azim, A.M. Sahilah, B. Abdul Salam
260 ## - PUBLICATION, DISTRIBUTION, ETC.
Place of publication, distribution, etc. Serdang, Selangor :
Name of publisher, distributor, etc. Faculty of Food Science & Technology, UPM,
Date of publication, distribution, etc. 2015
300 ## - PHYSICAL DESCRIPTION
Extent 1 online resource (6 pages) :
Dimensions illustrations
336 ## - CONTENT TYPE
Content type term text
Source rdacontent
337 ## - MEDIA TYPE
Media type term computer
Source rdamedia
338 ## - CARRIER TYPE
Carrier type term online resource
Source rdacarrier
650 ## - SUBJECT ADDED ENTRY--TOPICAL TERM
Topical term or geographic name entry element Bakery products
9 (RLIN) 2286
650 ## - SUBJECT ADDED ENTRY--TOPICAL TERM
Topical term or geographic name entry element Polymerase chain
9 (RLIN) 1261
650 ## - SUBJECT ADDED ENTRY--TOPICAL TERM
Topical term or geographic name entry element Porcine DNA
9 (RLIN) 2287
700 ## - ADDED ENTRY--PERSONAL NAME
Personal name Abdul Salam, B.
Relator term author
9 (RLIN) 2289
700 ## - ADDED ENTRY--PERSONAL NAME
Personal name Sahilah, A.M.
Relator term author
9 (RLIN) 1263
700 ## - ADDED ENTRY--PERSONAL NAME
Personal name Shahrul Azim, M.G.
Relator term author
9 (RLIN) 2288
856 ## - ELECTRONIC LOCATION AND ACCESS
Public note Request full-text at [email protected]
942 ## - ADDED ENTRY ELEMENTS (KOHA)
Source of classification or shelving scheme Library of Congress Classification
942 ## - ADDED ENTRY ELEMENTS (KOHA)
Koha item type Articles
942 ## - ADDED ENTRY ELEMENTS (KOHA)
Call number prefix JART 001112
Holdings
Withdrawn status Lost status Source of classification or shelving scheme Damaged status Not for loan Home library Current library Shelving location Date acquired Total checkouts Full call number Date last seen Price effective from Koha item type
    Library of Congress Classification     Halal Development Corporation Library Halal Development Corporation Library Open Shelves 24/05/2023   JART 001112 24/05/2023 24/05/2023 Articles
Halal Development Corporation Berhad (HDC)
5.02 Level 5, KPMG Tower, First Avenue, Persiaran Bandar Utama, 47800 Petaling Jaya, Selangor Darul Ehsan
Phone: +603 7965 5489 Email: [email protected]